<?xml version="1.0" encoding="UTF-8"?><?xml-stylesheet type="text/xsl" href="static/style.xsl"?><OAI-PMH xmlns="http://www.openarchives.org/OAI/2.0/" xmlns:xsi="http://www.w3.org/2001/XMLSchema-instance" xsi:schemaLocation="http://www.openarchives.org/OAI/2.0/ http://www.openarchives.org/OAI/2.0/OAI-PMH.xsd"><responseDate>2026-04-13T07:21:42Z</responseDate><request verb="GetRecord" identifier="oai:www.recercat.cat:2117/427071" metadataPrefix="marc">https://recercat.cat/oai/request</request><GetRecord><record><header><identifier>oai:recercat.cat:2117/427071</identifier><datestamp>2026-01-21T10:27:44Z</datestamp><setSpec>com_2072_1033</setSpec><setSpec>col_2072_452950</setSpec></header><metadata><record xmlns="http://www.loc.gov/MARC21/slim" xmlns:dcterms="http://purl.org/dc/terms/" xmlns:xsi="http://www.w3.org/2001/XMLSchema-instance" xmlns:doc="http://www.lyncode.com/xoai" xsi:schemaLocation="http://www.loc.gov/MARC21/slim http://www.loc.gov/standards/marcxml/schema/MARC21slim.xsd">
   <leader>00925njm 22002777a 4500</leader>
   <datafield ind2=" " ind1=" " tag="042">
      <subfield code="a">dc</subfield>
   </datafield>
   <datafield ind2=" " ind1=" " tag="720">
      <subfield code="a">Messee Goulefack, Linda</subfield>
      <subfield code="e">author</subfield>
   </datafield>
   <datafield ind2=" " ind1=" " tag="720">
      <subfield code="a">Masoller Alonso, Cristina</subfield>
      <subfield code="e">author</subfield>
   </datafield>
   <datafield ind2=" " ind1=" " tag="720">
      <subfield code="a">Yamapi, R.</subfield>
      <subfield code="e">author</subfield>
   </datafield>
   <datafield ind2=" " ind1=" " tag="720">
      <subfield code="a">Anteneodo, Celia</subfield>
      <subfield code="e">author</subfield>
   </datafield>
   <datafield ind2=" " ind1=" " tag="260">
      <subfield code="c">2025-03-01</subfield>
   </datafield>
   <datafield ind2=" " ind1=" " tag="520">
      <subfield code="a">Understanding how external stimuli propagate in neural systems is an important challenge in the fields of neuroscience and nonlinear dynamics. Despite extensive studies over several decades, this problem remains poorly understood. In this work, we examine a simple “toy model” of an excitable medium, a linear chain of diffusely coupled FitzHugh–Nagumo neurons, and analyze the transmission of a sinusoidal signal injected into one of the neurons at the ends of the chain. We measure to what extent the propagation of the wave reaching the opposite end is affected by the frequency and amplitude of the signal, the number of neurons in the chain, and the strength of their mutual diffusive coupling. To quantify these effects, we measure the cross correlation between the time series of the membrane potentials of the end neurons. This measure allows us to detect the values of the parameters that delimit different propagation regimes.</subfield>
   </datafield>
   <datafield ind2=" " ind1=" " tag="520">
      <subfield code="a">L.M.G. acknowledges the Organization for Women Scientists for Developing World (OWSD Postgraduate Fellowship, Grant No. 3240318616) and Swedish International Development Cooperation Agency (SIDA) for financial support. C.A. acknowledges partial financial support from Brazilian agencies Conselho Nacional de Desenvolvimento Científico (CNPq, 311435/2020-3), Fundação Carlos Chagas Filho de Amparo à Pesquisa do Estado do Rio de Janeiro (FAPERJ, CNE E-26/204.130/2024) and Coordenação de Aperfeiçoamento de Pessoal de Nível Superior (CAPES, code 001). C. M. acknowledges partial financial support of Agència de Gestió d’Ajuts Universitaris i de Recerca (2021 SGR00606), the Institució Catalana de Recerca i Estudis Avançats (Academia), the Ministerio de Ciencia, Innovación y Universidades (PID2021-123994NB-C21) and the European Off ice of Aerospace Research and Development (FA8655-24-17022).</subfield>
   </datafield>
   <datafield ind2=" " ind1=" " tag="520">
      <subfield code="a">Peer Reviewed</subfield>
   </datafield>
   <datafield ind2=" " ind1=" " tag="520">
      <subfield code="a">Postprint (author's final draft)</subfield>
   </datafield>
   <datafield tag="653" ind2=" " ind1=" ">
      <subfield code="a">Àrees temàtiques de la UPC::Ciències de la salut::Medicina::Neurologia</subfield>
   </datafield>
   <datafield tag="653" ind2=" " ind1=" ">
      <subfield code="a">Non linear dynamics</subfield>
   </datafield>
   <datafield tag="653" ind2=" " ind1=" ">
      <subfield code="a">FitzHugh-Nagumo model</subfield>
   </datafield>
   <datafield tag="653" ind2=" " ind1=" ">
      <subfield code="a">Network analysis</subfield>
   </datafield>
   <datafield tag="653" ind2=" " ind1=" ">
      <subfield code="a">Numerical methods</subfield>
   </datafield>
   <datafield tag="653" ind2=" " ind1=" ">
      <subfield code="a">Neuroscience</subfield>
   </datafield>
   <datafield tag="653" ind2=" " ind1=" ">
      <subfield code="a">Membrane potential</subfield>
   </datafield>
   <datafield tag="653" ind2=" " ind1=" ">
      <subfield code="a">Neuron model</subfield>
   </datafield>
   <datafield ind2="0" ind1="0" tag="245">
      <subfield code="a">Quantifying wave propagation in a chain of FitzHugh-Nagumo neurons</subfield>
   </datafield>
</record></metadata></record></GetRecord></OAI-PMH>